01092nam a2200229 a 450000100100000000500170001000800410002702000180006804000250008608200140011110000370012524501180016226000370028030000310031750000690034870000430041770000370046095201180049795201120061595201180072799900170084500004216820201002040001.0131118s2013 dr c 000 0 spa d a9789945008968 aDO-SdBNPbspacBNPHU axxxxbxxx1 aMateo Martínez, Nemesio96917313aEl cotuí de mi entonces. /cNemesio Mateo Martínez; editores, Héctor Mateo Martínez, Alberto Mateo Reyes. aSanto Domingo, :bBúho,c2013. a162 p. :bretrs. ;c23 cm. aIncluye datos biografícos del autor en la solapa de la portada1 aMateo Martínez, Héctoreed.9549891 aMateo Reyes, Albertoeed.969174 0010718DSaGRbGRcCTd2013-11-18iLF1l0oxxxx xxxp42168-30r2020-06-25te. 3w2020-06-25yLFDSZNo se presta 0010718PDaPDbPDcCTd2013-11-18iLF1l0oxxxx xxxp42168-10r2020-06-25w2020-06-25yLFPDZNo se presta 0010718PDaPDbPDcCTd2013-11-18iLF1l0oxxxx xxxp42168-20r2020-06-25te. 2w2020-06-25yLFPDZNo se presta c41657d41657